01012nam a2200301 a 450000100060000000300080000600500170001400800410003102000230007202000150009503500190011004000270012904100080015606000150016408200240017910000400020324500380024326000610028130000280034249000380037050000280040850400510043665000280048765000310051594200120054699900170055895201350057572494BD-RjUL20211209082252.0170520s1976 enka b 001 0 eng  a0470125470 (Wiley) a0412140500 a(BD-RjUL)72712 aDLCcDLCdBD-RjULbeng aeng aQU58 B951r00a572.6223bBUR 19761 aBurdon, R. H.q(Roy Hunter)921440810aRNA biosynthesis /cR. H. Burdon. aLondon :bChapman and Hall ;aNew York :bWiley,cc1976. a61 p. :bill. ;c21 cm.0 aOutline studies in biology series a"A Halsted Press book." aIncludes bibliographical references and index. 0aRNAxSynthesis.9214409 2aRNAxBiosynthesis.9214410 2ddccBK c72494d72494 00102ddc40718NFICaRUCLbRUCLcReadingd1982-07-02eHeffersg2.45l0o572.6 BUR 1976r2017-05-20 00:00:00tC-1w2021-12-09yBK